Ongoing crisis communication: planning, managing, and responding. (3rd ed.) (Record no. 81560)

MARC details
000 -LEADER
fixed length control field 00843nam a2200193 a 4500
008 - FIXED-LENGTH DATA ELEMENTS--GENERAL INFORMATION
fixed length control field 160516s2012 ||||||||||||||||| || u
020 ## - INTERNATIONAL STANDARD BOOK NUMBER
International Standard Book Number 9781412983105
050 ## - LIBRARY OF CONGRESS CALL NUMBER
Classification number HD 49 Coo
100 ## - MAIN ENTRY--PERSONAL NAME
Personal name Coombs, W. Timothy
245 10 - TITLE STATEMENT
Title Ongoing crisis communication: planning, managing, and responding. (3rd ed.)
Statement of responsibility, etc By W. Timothy Coombs
250 ## - EDITION STATEMENT
Edition statement 3rd ed.
260 ## - PUBLICATION, DISTRIBUTION, ETC. (IMPRINT)
Place of publication, distribution, etc London
Name of publisher, distributor, etc SAGE Publications
Date of publication, distribution, etc 2012
300 ## - PHYSICAL DESCRIPTION
Extent xv, 231p.
350 ## -
-- 76.00
650 #0 - SUBJECT ADDED ENTRY--TOPICAL TERM
Topical term or geographic name as entry element COMMUNICATION IN MANAGEMENT
650 ## - SUBJECT ADDED ENTRY--TOPICAL TERM
Topical term or geographic name as entry element CRISIS MANAGEMENT
995 ## - RECOMMENDATION 995 [LOCAL, UNIMARC FRANCE]
-- CBU-MAIN LIBRARY (Kitwe)
-- 76.00
-- 1
-- AVAILABLE
-- May 17, 2016
-- Main Library Open Access Collection
995 ## - RECOMMENDATION 995 [LOCAL, UNIMARC FRANCE]
-- CBU-MAIN LIBRARY (Kitwe)
-- 76.00
-- 2
-- AVAILABLE
-- May 17, 2016
-- Main Library Open Access Collection
Holdings
Withdrawn status Lost status Source of classification or shelving scheme Damaged status Not for loan Permanent Location Current Location Shelving location Date acquired Total Checkouts Full call number Barcode Date last seen Copy number Price effective from Koha item type
          CBU-MAIN LIBRARY, KITWE. CBU-MAIN LIBRARY, KITWE.   09/05/2023   HD 49 Coo 745722 09/05/2023 1 09/05/2023 MONOGRAPH
          CBU-MAIN LIBRARY, KITWE. CBU-MAIN LIBRARY, KITWE.   09/05/2023   HD 49 Coo 745723 09/05/2023 2 09/05/2023 MONOGRAPH